000 00658nam a22002411c 4500
001 a987674082
008 150710s1933 gw a||| 000u ger d
041 _ager
100 1 _aFrank, Walter
245 0 0 _aNationalismus und Demokratie im Frankreich der dritten Republik (1871 - 1918) /
_cWalter Frank
250 _a3. Aufl
264 _aHamburg :
_bHanseatische Verl.-Anst,
_c1933
300 _a652 S. : Ill. [6 Taf.]
600 0 _aBarrès, Maurice
600 0 _aGambetta, Léon
648 0 _a1871-1918
650 0 _aDemokratie
650 0 _aNationalismus
651 0 _aFrankreich
942 _cMG
040 _cRU-10907106
003 RU-10907106
999 _c37304
_d37304